000 01143nam a22003737a 4500
003 OSt
005 20260506075525.0
007 ta
008 260506s2025 ag ||||| |||| 00| 0 spa d
020 _a9789878949390
040 _ccj catamarca
082 _a343.17 G643j
100 1 0 _9330
_aGonzalez, Cecilia
245 1 0 _aJuicio por jurados y genero:
_bmujeres acusadas frente al estrado
250 _a1º ed.
260 _aCABA:
_bDidot,
_c2025
300 _a146 p.
_c14 cm
500 _aINVENTARIO Nº 8175
650 7 _2SAIJ
653 _aJUICIO POR JURADOS
653 _aJUICIO POR JURADOS-GENERO
653 _aJURADO-VIOLENCIA DE GENERO
653 _aJURADO-PERSPECTIVA DE GENERO
653 _aJUICIO POR JURADOS-DEBIDA DILIGENCIA
653 _aVIOLENCIA DE GENERO-DEBIDA DILIGENCIA
653 _aMUJERES ACUSADAS-JURADO
653 _aJURADO-COMPOSICION
653 _aJURADO-RECUSACION
653 _aAUDIENCIAS-VOIR DIRE
653 _aPRUEBA-PRODUCCION-DEBATE
653 _aJURADO-INSTRUCCIONES
856 _uhttps://drive.google.com/file/d/1p_lxIDaCPdcFbXQ7UcnE2KHYEirX-hXU/view?usp=sharing
942 _2ddc
_cBK
_n0
999 _c6544
_d6544